<?xml version="1.0" encoding="UTF-8"?>
<record
    xmlns:xsi="http://www.w3.org/2001/XMLSchema-instance"
    xsi:schemaLocation="http://www.loc.gov/MARC21/slim http://www.loc.gov/standards/marcxml/schema/MARC21slim.xsd"
    xmlns="http://www.loc.gov/MARC21/slim">

  <leader>01076nam a22002417a 4500</leader>
  <datafield tag="010" ind1=" " ind2=" ">
    <subfield code="a">A-509301</subfield>
  </datafield>
  <datafield tag="020" ind1=" " ind2=" ">
    <subfield code="c">50.00</subfield>
  </datafield>
  <datafield tag="035" ind1=" " ind2=" ">
    <subfield code="a">A-509301</subfield>
  </datafield>
  <datafield tag="037" ind1=" " ind2=" ">
    <subfield code="a">Cen Lib / Ret</subfield>
  </datafield>
  <datafield tag="040" ind1=" " ind2=" ">
    <subfield code="a">DPL</subfield>
    <subfield code="b">PN</subfield>
  </datafield>
  <datafield tag="082" ind1=" " ind2=" ">
    <subfield code="a">784.4</subfield>
    <subfield code="b">&#xA26;&#xA3E;&#xA28;&#xA38;&#xA3F;&#xA70;</subfield>
  </datafield>
  <datafield tag="245" ind1=" " ind2=" ">
    <subfield code="a">&#xA2A;&#xA70;&#xA1C;&#xA3E;&#xA2C; &#xA26;&#xA40;&#xA06;&#xA02; &#xA32;&#xA4B;&#xA15; &#xA2C;&#xA4B;&#xA32;&#xA40;&#xA06;&#xA02; /</subfield>
    <subfield code="c">&#xA38;&#xA70;&#xA2A;&#xA3E;&#xA26;&#xA15; &#xA26;&#xA3E;&#xA28; &#xA38;&#xA3F;&#xA70;&#xA18; &#xA15;&#xA4B;&#xA2E;&#xA32; </subfield>
  </datafield>
  <datafield tag="246" ind1=" " ind2=" ">
    <subfield code="a">Punjab dian lok bolian : (folk literature of Punjab) /</subfield>
    <subfield code="b">edited by Dan Singh Komal </subfield>
  </datafield>
  <datafield tag="260" ind1=" " ind2=" ">
    <subfield code="a">&#xA28;&#xA35;&#xA40; &#xA26;&#xA3F;&#xA71;&#xA32;&#xA40; </subfield>
    <subfield code="b">&#xA2A;&#xA70;&#xA1C;&#xA3E;&#xA2C;&#xA40; &#xA30;&#xA3E;&#xA08;&#xA1F;&#xA30;&#xA1C;&#xA3C; &#xA15;&#xA47;&#xA06;&#xA2A;&#xA30;&#xA47;&#xA1F;&#xA3F;&#xA35;</subfield>
    <subfield code="c">1985</subfield>
  </datafield>
  <datafield tag="270" ind1=" " ind2=" ">
    <subfield code="a">&#xA1C;&#xA47;-11/26, &#xA30;&#xA3E;&#xA1C;&#xA48;&#xA30;&#xA40; &#xA17;&#xA3E;&#xA30;&#xA21;&#xA28; </subfield>
    <subfield code="b">&#xA28;&#xA35;&#xA40; &#xA26;&#xA3F;&#xA71;&#xA32;&#xA40; </subfield>
    <subfield code="e">110027</subfield>
  </datafield>
  <datafield tag="300" ind1=" " ind2=" ">
    <subfield code="a">190p ; </subfield>
    <subfield code="b">24cm(Hb)</subfield>
  </datafield>
  <datafield tag="650" ind1=" " ind2=" ">
    <subfield code="a">&#xA32;&#xA4B;&#xA15; &#xA38;&#xA3E;&#xA39;&#xA3F;&#xA24;, &#xA2A;&#xA70;&#xA1C;&#xA3E;&#xA2C;&#xA40;.</subfield>
    <subfield code="9">5571</subfield>
  </datafield>
  <datafield tag="650" ind1=" " ind2=" ">
    <subfield code="a">Folk literature, Panjabi.</subfield>
    <subfield code="9">133608</subfield>
  </datafield>
  <datafield tag="650" ind1=" " ind2=" ">
    <subfield code="a">&#xA32;&#xA4B;&#xA15; &#xA38;&#xA3E;&#xA39;&#xA3F;&#xA24;, &#xA2D;&#xA3E;&#xA30;&#xA24;&#xA40;.</subfield>
    <subfield code="9">46121</subfield>
  </datafield>
  <datafield tag="650" ind1=" " ind2=" ">
    <subfield code="a">Folk literature, Indic.</subfield>
    <subfield code="9">29061</subfield>
  </datafield>
  <datafield tag="700" ind1=" " ind2=" ">
    <subfield code="a">&#xA26;&#xA3E;&#xA28; &#xA38;&#xA3F;&#xA70;&#xA18; &#xA15;&#xA4B;&#xA2E;&#xA32; </subfield>
    <subfield code="9">2170</subfield>
  </datafield>
  <datafield tag="942" ind1=" " ind2=" ">
    <subfield code="2">ddc</subfield>
    <subfield code="c">PN</subfield>
    <subfield code="h">784.4</subfield>
    <subfield code="m">&#xA26;&#xA3E;&#xA28;&#xA38;&#xA3F;&#xA70;</subfield>
  </datafield>
  <datafield tag="999" ind1=" " ind2=" ">
    <subfield code="c">111143</subfield>
    <subfield code="d">111143</subfield>
  </datafield>
  <datafield tag="952" ind1=" " ind2=" ">
    <subfield code="0">0</subfield>
    <subfield code="1">0</subfield>
    <subfield code="4">0</subfield>
    <subfield code="7">0</subfield>
    <subfield code="a">L</subfield>
    <subfield code="b">L</subfield>
    <subfield code="d">2016-02-13</subfield>
    <subfield code="e">Cen Lib/Ret</subfield>
    <subfield code="g">50.00</subfield>
    <subfield code="l">0</subfield>
    <subfield code="o">784.4 &#xA26;&#xA3E;&#xA28;&#xA38;&#xA3F;&#xA70;</subfield>
    <subfield code="p">A-509301</subfield>
    <subfield code="r">2016-02-13 00:00:00</subfield>
    <subfield code="t">1</subfield>
    <subfield code="v">50.00</subfield>
    <subfield code="w">2016-02-13</subfield>
    <subfield code="y">PN</subfield>
  </datafield>
</record>
